Remembered village (Record no. 19119)

MARC details
000 -LEADER
fixed length control field 00616nam a2200205Ia 4500
082 ## - DEWEY DECIMAL CLASSIFICATION NUMBER
Classification number 302.0954 SRI-R
100 ## - MAIN ENTRY--AUTHOR NAME
Personal name Srinivas, M.N;
245 #0 - TITLE STATEMENT
Title Remembered village
260 ## - PUBLICATION, DISTRIBUTION, ETC. (IMPRINT)
Place of publication Bombay
Name of publisher Oxford University Press
Year of publication 1976
300 ## - PHYSICAL DESCRIPTION
Number of Pages 356p.
504 ## - BIBLIOGRAPHY, ETC. NOTE
Bibliography, etc Includes index
650 ## - SUBJECT ADDED ENTRY--TOPICAL TERM
Topical Term Social problems - Rampura (Karnataka)
650 ## - SUBJECT ADDED ENTRY--TOPICAL TERM
Topical Term Sociology - Rampura (Karnataka)
650 ## - SUBJECT ADDED ENTRY--TOPICAL TERM
Topical Term Social structure - Rampura (Karnataka)
650 ## - SUBJECT ADDED ENTRY--TOPICAL TERM
Topical Term Literary form
650 ## - SUBJECT ADDED ENTRY--TOPICAL TERM
Topical Term Social change - Rampura (Karnataka)
650 ## - SUBJECT ADDED ENTRY--TOPICAL TERM
Topical Term Caste - Rampura (Karnataka)
650 ## - SUBJECT ADDED ENTRY--TOPICAL TERM
Topical Term Rampura (Karnataka) - Rural conditions
942 ## - ADDED ENTRY ELEMENTS (KOHA)
Koha item type Books
Holdings
Withdrawn status Lost status Damaged status Not for loan Home library Current library Date acquired Full call number Accession Number Price effective from Koha item type
        NASSDOC Library NASSDOC Library 08/06/2004 302.0954 SRI-R 11102 18/04/2019 Books